Hvězdy formule 1. Lando Norris /
Uloženo v:
| Hlavní autor: | |
|---|---|
| Další autoři: | , |
| Médium: | Kniha |
| Jazyk: | Czech |
| Vydáno: |
V Praze :
Fragment,
2026
|
| Vydání: | 1. vydání |
| Témata: | |
| Celkem bylo vypůjčeno: | 0x |
| Tagy: |
Žádné tagy |
| LEADER | 02290nam a2200601 i 4500 | ||
|---|---|---|---|
| 001 | 106479 | ||
| 003 | CZ PrNK | ||
| 005 | 20260604145840.0 | ||
| 007 | ta | ||
| 008 | 260515s2026 xr abc c 000 0bcze | ||
| 015 | |a cnb003758369 | ||
| 020 | |a 9788025377956 |q (brožováno) : |c Kč 269,00 | ||
| 040 | |a BOA001 |b cze |d ABA001 |e rda | ||
| 041 | 1 | |a cze |h eng | |
| 072 | 7 | |a 796 |x Sport. Hry. Tělesná cvičení |2 Konspekt |9 20 | |
| 072 | 7 | |a 0/9-053.2 |x Literatura pro děti a mládež (naučná) |2 Konspekt |9 26 | |
| 080 | |a 796.71.071.2 |2 MRF | ||
| 080 | |a 796.71.093.52 |2 MRF | ||
| 080 | |a 929 |2 MRF | ||
| 080 | |a (410.1) |2 MRF | ||
| 080 | |a (092) |2 MRF | ||
| 080 | |a (0.053.2) |2 MRF | ||
| 100 | 1 | |a Hamilton, Maurice |7 xx0266978 |4 aut |9 117425 | |
| 240 | 1 | 0 | |a Lando Norris. |l Česky |
| 245 | 1 | 0 | |a Hvězdy formule 1. |p Lando Norris / |c Maurice Hamilton ; ilustrace Cat Sims ; přeložila Zuzana Bičíková |
| 246 | 3 | 0 | |a Lando Norris |
| 250 | |a 1. vydání | ||
| 264 | 1 | |a V Praze : |b Fragment, |c 2026 | |
| 300 | |a 174 stran : |b ilustrace, 1 mapa, portréty ; |c 20 cm | ||
| 336 | |a text |b txt |2 rdacontent | ||
| 337 | |a bez média |b n |2 rdamedia | ||
| 338 | |a svazek |b nc |2 rdacarrier | ||
| 500 | |a Přeloženo z angličtiny | ||
| 521 | 8 | |a Pro čtenáře od 8 let | |
| 600 | 1 | 4 | |a Norris, Lando, |d 1999- |7 mzk20261298919 |2 czenas |9 117426 |
| 648 | 4 | |a 1999-2026 | |
| 648 | 7 | |a 21. století |7 ch460559 |2 czenas |9 52889 | |
| 650 | 0 | 7 | |a piloti formule 1 |7 ph170410 |y 21. století |z Anglie |2 czenas |
| 650 | 0 | 7 | |a závody formule 1 |7 ph170409 |y 21. století |2 czenas |
| 650 | 0 | 9 | |a Formula One pilots |y 21st century |z England |2 eczenas |
| 650 | 0 | 9 | |a Grand Prix racing |y 21st century |2 eczenas |
| 655 | 7 | |a biografie |7 fd131909 |2 czenas |9 53508 | |
| 655 | 7 | |a publikace pro děti |7 fd133156 |2 czenas |9 23 | |
| 655 | 9 | |a biography |2 eczenas | |
| 655 | 9 | |a children's literature |2 eczenas | |
| 700 | 1 | |a Sims, Cat |7 mzk20251254053 |4 ill |9 117427 | |
| 700 | 1 | |a Bičíková, Zuzana |7 kv2016900435 |4 trl |9 28834 | |
| 710 | 2 | |a Fragment (nakladatelství) |7 ko2004244768 |4 pbl |9 117176 | |
| 765 | 1 | |t Racing legends | |
| 910 | |a UOG502 | ||
| 942 | |2 ddc |c KN | ||
| 999 | |d 106479 | ||
| 993 | |0 0 |1 421180107199 |2 ddc |4 0 |6 796_000000000000000 |7 0 |9 99923 |b 0 |c 107199 |d 2026-06-04 |e 0 |f M |g 796 |h 269.00 |i Koupě |l M |r 2026-06-04 |t 7 |w 2026-06-04 |y KN |z NAUCNA |n | ||